| 000 | 00791nmm a2200241 a 4500 | ||
|---|---|---|---|
| 003 | AR-BaBNM | ||
| 005 | 20251128203007.0 | ||
| 008 | 037019s1979 ||||||||||||||000 | spa|| | ||
| 040 | _cAR-BaBNM | ||
| 100 | 1 | _aPalacio, Lino Enrique | |
| 245 | 1 | 0 |
_aDerecho procesal civil _bsujetos del proceso _n2 |
| 260 |
_aBuenos Aires _bAbeledo-Perrot _c1979 |
||
| 300 | 0 | _a702 p. | |
| 500 | 1 | _aContiene índices correspondientes a los tomos 1 y 2: índice de nombres p. 635-642, índice alfabético de materias p. 643-654, índice de preceptos legales p. 655-687 | |
| 500 | 0 | _aIndice general p. 689-702 | |
| 650 | 4 | _aDERECHO PROCESAL | |
| 650 | 4 | _aPROCEDIMIENTO CIVIL | |
| 650 | 4 | _aDERECHO CIVIL | |
| 650 | 4 | _aCODIGO CIVIL | |
| 650 | 4 | _aLEGISLACION ARGENTINA | |
| 942 | _cBK | ||
| 998 | _cAndrea | ||
| 999 |
_c1417 _d1417 |
||